[Event "Liptovsky Mikulas CupT U20"]
[Site "Liptovsky Mikulas"]
[Date "2017.06.23"]
[Round "4.1"]
[White "Bochnicka, Vladimir1"]
[Black "Klementowski, Dawid"]
[Result "1-0"]
[WhiteElo "1926"]
[BlackElo "1984"]
[PlyCount "99"]
[EventDate "2017.06.21"]
[EventType "team-swiss"]
[EventRounds "8"]
[EventCountry "SVK"]
[SourceTitle "CBM 179 Extra"]
[Source "ChessBase"]
[SourceDate "2017.08.23"]
[SourceVersion "1"]
[SourceVersionDate "2017.08.23"]
[SourceQuality "1"]
[WhiteTeam "Bratislava KSN"]
[BlackTeam "Jastrzebie Zdroj Pionier"]
[WhiteTeamCountry "SVK"]
[BlackTeamCountry "POL"]

1. e4 c5 2. Nf3 d6 3. d4 cxd4 4. Qxd4 a6 5. Be3 Nc6 6. Qd2 Nf6 7. Nc3 e6 8. 0-0-0 Qc7 9. Bf4 Ne5 10. Nxe5 dxe5 11. Bxe5 Qa5 12. Qf4 Be7 13. g4 b6 14. Kb1 h6 15. Be2 Ra7 16. Rd3 b5 17. Bxf6 Bxf6 18. e5 Bg5 19. Qg3 Bb7 20. Bf3 Bxf3 21. Qxf3 0-0 22. h4 Be7 23. g5 h5 24. Ne4 g6 25. Rg1 Qb4 26. Qe2 Rc7 27. Rh3 Rc4 28. f3 Rfc8 29. c3 Qa5 30. Nf6+ Bxf6 31. gxf6 b4 32. cxb4 Qxb4 33. Rhg3 Qc5 34. Qd2 Kh7 35. Rxg6 Rc1+ 36. Rxc1 Qxc1+ 37. Qxc1 Rxc1+ 38. Kxc1 Kxg6 39. b4 Kf5 40. a4 Kxe5 41. b5 axb5 42. axb5 Kd5 43. Kd2 Kc5 44. Ke3 Kxb5 45. Kf4 Kc6 46. Kg5 Kd7 47. Kxh5 Ke8 48. Kh6 Kf8 49. Kh7 e5 50. h5 1-0

[Event "POL-chT U19 2nd League"]
[Site "Iwonicz"]
[Date "2015.08.01"]
[Round "7.92"]
[White "Gajda, Stanislaw"]
[Black "Klementowski, Dawid"]
[Result "1/2-1/2"]
[WhiteElo "1549"]
[BlackElo "1737"]
[PlyCount "108"]
[EventDate "2015.07.25"]
[EventType "team-swiss"]
[EventRounds "11"]
[EventCountry "POL"]
[SourceTitle "EXT 2019"]
[Source "ChessBase"]
[SourceDate "2018.10.10"]
[SourceVersion "1"]
[SourceVersionDate "2018.10.10"]
[SourceQuality "1"]
[WhiteTeam "Chylice KS Laura U19 II"]
[BlackTeam "Rybnik MKSz U19 II"]
[WhiteTeamCountry "POL"]
[BlackTeamCountry "POL"]

1. d4 Nf6 2. Nf3 c5 3. e3 g6 4. Bd3 Bg7 5. 0-0 cxd4 6. exd4 0-0 7. Bg5 h6 8. Bh4 d5 9. Nbd2 Nc6 10. c3 Bg4 11. h3 Bxf3 12. Nxf3 Qb6 13. Qd2 Nh5 14. Rae1 Rae8 15. Ne5 Nxe5 16. dxe5 g5 17. g4 Nf4 18. Bg3 Nxd3 19. Qxd3 Qxb2 20. Qxd5 Rd8 21. Qa5 Rd3 22. Rb1 Qxc3 23. Qxc3 Rxc3 24. Rxb7 Ra3 25. Rc1 e6 26. Rcc7 Rxa2 27. Rxa7 Rxa7 28. Rxa7 Rc8 29. Ra5 Rc4 30. Kg2 Kh7 31. Kf3 Rb4 32. Kg2 Kg6 33. Kf3 h5 34. gxh5+ Kxh5 35. Ra7 Kg6 36. Ra5 Kf5 37. Ra7 Rb3+ 38. Ke2 Kg6 39. Ra5 Rb7 40. Kf3 Kf5 41. Ke3 Rd7 42. Rb5 Rd8 43. Rb7 Kg6 44. Kf3 Rh8 45. Kg4 Ra8 46. Rb4 Ra5 47. Re4 Bh6 48. h4 gxh4 49. Bxh4 Bg7 50. Bg3 Ra6 51. Bf4 Ra5 52. Bg3 Ra6 53. Bf4 Ra5 54. Bg3 Ra6 1/2-1/2

[Event "POL-chT U19 2nd League"]
[Site "Iwonicz"]
[Date "2015.08.01"]
[Round "8.98"]
[White "Kedzierski, Marcin"]
[Black "Klementowski, Dawid"]
[Result "0-1"]
[WhiteElo "1437"]
[BlackElo "1737"]
[PlyCount "78"]
[EventDate "2015.07.25"]
[EventType "team-swiss"]
[EventRounds "11"]
[EventCountry "POL"]
[SourceTitle "EXT 2019"]
[Source "ChessBase"]
[SourceDate "2018.10.10"]
[SourceVersion "1"]
[SourceVersionDate "2018.10.10"]
[SourceQuality "1"]
[WhiteTeam "Wloszakowice UKS ZSO U19"]
[BlackTeam "Rybnik MKSz U19 II"]
[WhiteTeamCountry "POL"]
[BlackTeamCountry "POL"]

1. e4 Nf6 2. e5 Nd5 3. c4 Nb6 4. d4 d6 5. exd6 cxd6 6. Nf3 g6 7. Be3 Bg7 8. Qd2 Bg4 9. Ng5 Nc6 10. h3 Bf5 11. Nc3 0-0 12. a3 Na5 13. g4 Naxc4 14. Bxc4 Nxc4 15. Qe2 Nxe3 16. fxe3 Bd7 17. 0-0-0 Bc6 18. Rh2 b5 19. Rf1 e5 20. d5 Bxd5 21. Nxd5 Rc8+ 22. Kb1 Qxg5 23. h4 Qd8 24. e4 Rc5 25. h5 Qg5 26. Qf3 Rc4 27. h6 Bxh6 28. Rxh6 Qxh6 29. Rh1 Qg7 30. Nf6+ Kh8 31. Nxh7 Qxh7 32. Qf6+ Kg8 33. Rxh7 Kxh7 34. Qxd6 Kg8 35. Qxe5 a6 36. Qd5 Re8 37. e5 Rxg4 38. Qd7 Re6 39. Kc2 Re4 0-1

[Event "POL-ch U16"]
[Site "Karpacz"]
[Date "2015.03.16"]
[Round "2"]
[White "Karpus, Michal"]
[Black "Klementowski, Dawid"]
[Result "1-0"]
[WhiteElo "2092"]
[BlackElo "1805"]
[PlyCount "91"]
[EventDate "2015.03.15"]
[EventType "swiss"]
[EventRounds "9"]
[EventCountry "POL"]
[SourceTitle "EXT 2017"]
[Source "ChessBase"]
[SourceDate "2016.10.25"]
[SourceVersion "1"]
[SourceVersionDate "2016.10.25"]
[SourceQuality "1"]

1. e4 e5 2. Nf3 Nc6 3. Bb5 a6 4. Ba4 Bc5 5. 0-0 b5 6. Bb3 Nf6 7. Re1 0-0 8. c3 Re8 9. d3 d6 10. h3 Be6 11. Nbd2 Qd7 12. Nf1 Ba7 13. Ng3 h6 14. d4 exd4 15. cxd4 d5 16. e5 Nh7 17. Bc2 f5 18. exf6 Nxf6 19. Ne5 Qd6 20. Nxc6 Qxc6 21. Bg6 Bf7 22. Bxf7+ Kxf7 23. Bf4 Qd7 24. Rc1 c6 25. Be5 Rac8 26. Qf3 Re6 27. Nh5 Rce8 28. Nxf6 gxf6 29. Re3 Bb8 30. Rce1 Bxe5 31. dxe5 Rf8 32. Qf5 Ke7 33. Qh7+ Kd8 34. Qxh6 Qf7 35. exf6 Rxf6 36. Qh4 Kc8 37. Re7 Qg6 38. R1e2 Rg8 39. g4 Rgf8 40. Qg3 Rf4 41. Qa3 Ra4 42. Qc5 Rh8 43. Qc3 Rg8 44. Qg3 Qb1+ 45. Kh2 Raxg4 46. Qc7# 1-0

[Event "POL-chT U19 2nd League"]
[Site "Szczyrk"]
[Date "2014.08.01"]
[Round "10.69"]
[White "Klepek, Witold"]
[Black "Klementowski, Dawid"]
[Result "1/2-1/2"]
[WhiteElo "1892"]
[BlackElo "1659"]
[PlyCount "139"]
[EventDate "2014.07.25"]
[EventType "team-swiss"]
[EventRounds "11"]
[EventCountry "POL"]
[SourceTitle "EXT 2015"]
[Source "ChessBase"]
[SourceDate "2014.11.20"]
[SourceVersion "1"]
[SourceVersionDate "2014.11.20"]
[SourceQuality "1"]
[WhiteTeam "Pszczyna PSSz U19"]
[BlackTeam "Rybnik MKSz U19 II"]
[WhiteTeamCountry "POL"]
[BlackTeamCountry "POL"]

1. e4 c5 2. Nc3 d6 3. f4 a6 4. a4 Nc6 5. Nf3 Bg4 6. Be2 g6 7. 0-0 Bg7 8. Kh1 e6 9. h3 Bxf3 10. Bxf3 Nge7 11. d3 0-0 12. g3 Kh8 13. Be3 Qc7 14. Qd2 Rad8 15. Rac1 b6 16. Bg2 d5 17. Bg1 f5 18. e5 d4 19. Nd1 Rd7 20. Bf3 Nd5 21. Qg2 Nce7 22. b3 Nc6 23. Nb2 Na5 24. Ra1 Rg8 25. Bf2 Bf8 26. Nd1 Nc6 27. Be1 Ncb4 28. Rc1 Bh6 29. h4 Bf8 30. Bd2 h5 31. Nb2 Na2 32. Ra1 Nab4 33. Rfc1 Nc6 34. Nc4 Be7 35. a5 b5 36. Nb6 Ncb4 37. Nxd7 Qxd7 38. Qe2 Qe8 39. Be1 Kh7 40. Bf2 Nc3 41. Qd2 Qc8 42. Rg1 Nbd5 43. Rg2 Bf8 44. Bg1 Bh6 45. Rh2 Qc7 46. Qe1 b4 47. Rd2 Rb8 48. Rg2 Rf8 49. Bf2 Qd8 50. Rg1 Nb5 51. Qd2 Rf7 52. Kg2 Ndc3 53. Be1 Qc7 54. Qc1 Rd7 55. Kh3 Nd5 56. Bxd5 Rxd5 57. Bd2 Rd8 58. Rf1 Rf8 59. Qd1 Na7 60. Ra4 Nc6 61. Qe2 Ne7 62. Rfa1 Nd5 63. Qf3 Rb8 64. Kg2 Bf8 65. Kf2 Be7 66. Ke1 Bd8 67. Ke2 Qe7 68. Rg1 Rb5 69. Rga1 Bc7 70. Qh1 1/2-1/2

[Event "POL-chT U19 2nd League"]
[Site "Szczyrk"]
[Date "2014.07.26"]
[Round "2.75"]
[White "Klementowski, Dawid"]
[Black "Czechowski, Jakub"]
[Result "1-0"]
[WhiteElo "1659"]
[BlackElo "1356"]
[PlyCount "85"]
[EventDate "2014.07.25"]
[EventType "team-swiss"]
[EventRounds "11"]
[EventCountry "POL"]
[SourceTitle "EXT 2015"]
[Source "ChessBase"]
[SourceDate "2014.11.20"]
[SourceVersion "1"]
[SourceVersionDate "2014.11.20"]
[SourceQuality "1"]
[WhiteTeam "Rybnik MKSz U19 II"]
[BlackTeam "Gorzow Wielkopolski Stilon U19 II"]
[WhiteTeamCountry "POL"]
[BlackTeamCountry "POL"]

1. e4 e5 2. d4 exd4 3. Nf3 Nc6 4. Bc4 Nf6 5. 0-0 Nxe4 6. Re1 d5 7. Bxd5 Qxd5 8. Nc3 Qh5 9. Nxe4 Be6 10. Bg5 Bb4 11. Nxd4 Qxd1 12. Rexd1 Nxd4 13. Rxd4 Be7 14. Re1 Rd8 15. Rxd8+ Kxd8 16. Bxe7+ Kxe7 17. Nc5 Rd8 18. f4 Rd5 19. Nxe6 fxe6 20. Kf2 Kf6 21. Kf3 Rd2 22. Re2 Rxe2 23. Kxe2 e5 24. Kf3 exf4 25. Kxf4 g5+ 26. Ke4 h5 27. c4 a5 28. b3 c6 29. c5 Ke6 30. g3 g4 31. a3 Kf6 32. Kf4 Kg6 33. Ke5 Kg5 34. Kd6 Kf5 35. Kc7 Ke4 36. Kxb7 Kf3 37. Kxc6 Kg2 38. Kd5 Kxh2 39. c6 h4 40. c7 h3 41. c8Q Kxg3 42. Qc1 Kf2 43. Qh1 1-0

[Event "POL-chT U19 2nd League"]
[Site "Szczyrk"]
[Date "2014.07.26"]
[Round "3.123"]
[White "Rylski, Mateusz"]
[Black "Klementowski, Dawid"]
[Result "0-1"]
[WhiteElo "1347"]
[BlackElo "1659"]
[PlyCount "144"]
[EventDate "2014.07.25"]
[EventType "team-swiss"]
[EventRounds "11"]
[EventCountry "POL"]
[SourceTitle "EXT 2015"]
[Source "ChessBase"]
[SourceDate "2014.11.20"]
[SourceVersion "1"]
[SourceVersionDate "2014.11.20"]
[SourceQuality "1"]
[WhiteTeam "Chylice KS Laura U19 II"]
[BlackTeam "Rybnik MKSz U19 II"]
[WhiteTeamCountry "POL"]
[BlackTeamCountry "POL"]

1. e4 c5 2. d4 cxd4 3. c3 d6 4. cxd4 Nf6 5. Nc3 g6 6. Bc4 Bg7 7. Nf3 0-0 8. 0-0 Nc6 9. e5 dxe5 10. dxe5 Ng4 11. Bf4 Ngxe5 12. Bxe5 Nxe5 13. Nxe5 Qxd1 14. Raxd1 Bxe5 15. Rfe1 Bd6 16. Nb5 Bb4 17. Re2 e6 18. a3 Be7 19. Red2 a6 20. Nd6 Rd8 21. Bb3 Kf8 22. Nc4 Rxd2 23. Rxd2 b5 24. Nb6 Rb8 25. Nd7+ Bxd7 26. Rxd7 Bc5 27. Rd3 Ke7 28. Rh3 h5 29. Rc3 Kd6 30. Rd3+ Kc6 31. Rc3 Rd8 32. Bc2 Kb6 33. b4 Be7 34. g3 Rd7 35. Be4 Rc7 36. Rd3 a5 37. bxa5+ Kxa5 38. Bf3 Kb6 39. Rb3 Rc2 40. a4 b4 41. Be4 Rc1+ 42. Kg2 Ka5 43. Rd3 Rc7 44. Rf3 f5 45. Bb1 Kxa4 46. Ba2 e5 47. Bb3+ Kb5 48. Rd3 Bc5 49. Rd5 Re7 50. Rd8 Rg7 51. Rd5 e4 52. Re5 Kc6 53. Re6+ Bd6 54. h3 Kc7 55. g4 hxg4 56. hxg4 Kc6 57. Kf1 Kc5 58. Ke2 Bc7 59. Ke3 fxg4 60. Rxe4 g5 61. Rxg4 Bf4+ 62. Ke4 Re7+ 63. Kf3 Re1 64. Rg2 Rb1 65. Ba2 Ra1 66. Bb3 Ra3 67. Ke4 Rxb3 68. f3 Re3+ 69. Kf5 Rxf3 70. Rc2+ Rc3 71. Rb2 b3 72. Rd2 Bxd2 0-1

[Event "POL-chT U19 44th"]
[Site "Karpacz"]
[Date "2013.07.26"]
[Round "5"]
[White "Klementowski, Dawid"]
[Black "Golda, Sebastian"]
[Result "1/2-1/2"]
[WhiteElo "1712"]
[BlackElo "1626"]
[PlyCount "71"]
[EventDate "2013.07.22"]
[EventType "team-tourn"]
[EventRounds "9"]
[EventCountry "POL"]
[SourceTitle "EXT 2014"]
[Source "ChessBase"]
[SourceDate "2013.11.20"]
[SourceVersion "1"]
[SourceVersionDate "2013.11.20"]
[SourceQuality "1"]
[WhiteTeam "Rybnik MKSz U19"]
[BlackTeam "Krakow KKSz 1893 U19"]
[WhiteTeamCountry "POL"]
[BlackTeamCountry "POL"]

1. e4 e5 2. Nf3 Nc6 3. d4 exd4 4. Bc4 Nf6 5. 0-0 Nxe4 6. Re1 d5 7. Bxd5 Qxd5 8. Nc3 Qh5 9. Nxe4 Be6 10. Bg5 Bd6 11. Nxd6+ cxd6 12. Bf4 Qd5 13. c3 0-0 14. Nxd4 Nxd4 15. Qxd4 Qxd4 16. cxd4 Rfd8 17. a3 h6 18. Rac1 Rd7 19. f3 Kh7 20. Kf2 a6 21. Rc3 Rad8 22. h4 Kg6 23. Rd1 Bd5 24. Re1 f6 25. Re2 Rb8 26. Rec2 Re8 27. Rc7 Red8 28. Bg3 Bb3 29. R2c3 Bd5 30. Rc1 Bb3 31. R1c3 Bd5 32. Rc1 Bb3 33. R1c3 Bd5 34. Rc1 Bb3 35. R1c3 Bd5 36. Rc1 1/2-1/2

[Event "POL-chT U19 44th"]
[Site "Karpacz"]
[Date "2013.07.25"]
[Round "4"]
[White "Kosakowski, Jakub"]
[Black "Klementowski, Dawid"]
[Result "1-0"]
[WhiteElo "1811"]
[BlackElo "1712"]
[PlyCount "105"]
[EventDate "2013.07.22"]
[EventType "team-tourn"]
[EventRounds "9"]
[EventCountry "POL"]
[SourceTitle "EXT 2014"]
[Source "ChessBase"]
[SourceDate "2013.11.20"]
[SourceVersion "1"]
[SourceVersionDate "2013.11.20"]
[SourceQuality "1"]
[WhiteTeam "Bialystok MUKS Stoczek 45 U19"]
[BlackTeam "Rybnik MKSz U19"]
[WhiteTeamCountry "POL"]
[BlackTeamCountry "POL"]

1. e4 c6 2. d4 d5 3. Nc3 dxe4 4. Nxe4 Nf6 5. Nxf6+ exf6 6. c3 Bd6 7. Bd3 0-0 8. Ne2 Re8 9. 0-0 Qc7 10. Ng3 Nd7 11. Qc2 h6 12. Bd2 Nf8 13. Rae1 Bd7 14. Bf5 Ne6 15. Kh1 Rad8 16. Bh3 Nf4 17. Bxd7 Qxd7 18. Nf5 Bb8 19. Bxf4 Bxf4 20. Re4 Bc7 21. Rfe1 Re6 22. Qe2 Rde8 23. Qg4 g6 24. Rxe6 Rxe6 25. Rxe6 Qxe6 26. Nxh6+ Kg7 27. Qxe6 fxe6 28. Ng4 Bf4 29. Ne3 Kf7 30. g3 Bh6 31. Kg2 Ke7 32. f4 b6 33. Kf3 Bg7 34. g4 Kf7 35. h4 Bh6 36. g5 Bg7 37. Ng4 f5 38. Ne5+ Bxe5 39. dxe5 Ke7 40. b4 a6 41. Ke3 Kd7 42. Kd4 Ke7 43. a4 Ke8 44. a5 c5+ 45. Kc4 cxb4 46. cxb4 bxa5 47. bxa5 Kd7 48. Kc5 Kc7 49. h5 gxh5 50. g6 h4 51. g7 h3 52. g8Q h2 53. Qh7+ 1-0

[Event "POL Olympiad U14"]
[Site "Walbrzych"]
[Date "2013.??.??"]
[Round "9.16"]
[White "Klementowski, Dawid"]
[Black "Fudalej, Slawomir"]
[Result "0-1"]
[WhiteElo "1734"]
[BlackElo "1620"]
[PlyCount "104"]
[EventDate "2013.04.??"]
[EventType "team-swiss"]
[EventRounds "9"]
[EventCountry "POL"]
[SourceTitle "EXT 2014"]
[Source "ChessBase"]
[SourceDate "2013.11.20"]
[SourceVersion "1"]
[SourceVersionDate "2013.11.20"]
[SourceQuality "1"]

1. e4 e5 2. Nf3 Nc6 3. Bc4 Bc5 4. b4 Bxb4 5. c3 Ba5 6. d4 d6 7. dxe5 Qe7 8. Bg5 f6 9. Bd2 Be6 10. exd6 Qxd6 11. Bxe6 Qxe6 12. 0-0 0-0-0 13. Qc2 Nge7 14. Be3 Qc4 15. Rc1 Rd3 16. Nfd2 Qa6 17. Nb3 Bb6 18. Bxb6 axb6 19. N1d2 Rhd8 20. Nf3 Ng6 21. a4 Nge5 22. Nxe5 fxe5 23. f3 Qc4 24. h3 Na5 25. Nxa5 bxa5 26. Rab1 Rd2 27. Qb3 Qxb3 28. Rxb3 c6 29. Ra3 Rb2 30. Kh1 Rdd2 31. Rg1 Ra2 32. Ra1 Rd1+ 33. Rxd1 Rxa3 34. Rd6 Rxc3 35. Re6 b5 36. axb5 cxb5 37. Rxe5 Rb3 38. Rd5 a4 39. Kh2 a3 40. Rd6 a2 41. Ra6 Rb2 42. e5 Kb7 43. Ra5 b4 44. e6 Re2 45. e7 b3 46. f4 Rxe7 47. Ra3 Kc8 48. Ra8+ Kd7 49. Ra7+ Ke6 50. Ra6+ Kf7 51. g4 b2 52. Rxa2 b1Q 0-1

[Event "POL Olympiad U14"]
[Site "Walbrzych"]
[Date "2013.??.??"]
[Round "2.4"]
[White "Walter, Szymon"]
[Black "Klementowski, Dawid"]
[Result "1-0"]
[WhiteElo "1925"]
[BlackElo "1734"]
[PlyCount "75"]
[EventDate "2013.04.??"]
[EventType "team-swiss"]
[EventRounds "9"]
[EventCountry "POL"]
[SourceTitle "EXT 2014"]
[Source "ChessBase"]
[SourceDate "2013.11.20"]
[SourceVersion "1"]
[SourceVersionDate "2013.11.20"]
[SourceQuality "1"]

1. e4 c5 2. Nf3 Nc6 3. Nc3 Nf6 4. Bb5 d6 5. h3 Bd7 6. 0-0 g6 7. Re1 Bg7 8. Bxc6 Bxc6 9. e5 dxe5 10. Nxe5 0-0 11. Nxc6 bxc6 12. d3 Nd5 13. Ne4 Qb6 14. c4 Nc7 15. Be3 Ne6 16. Rb1 Nd4 17. Qd2 a5 18. Bh6 Rad8 19. Bxg7 Kxg7 20. Qg5 Nf5 21. Ng3 Nxg3 22. fxg3 e6 23. Qe5+ Kg8 24. Re3 Rd4 25. Rf1 Rd7 26. h4 Rb8 27. Rf2 Rbd8 28. h5 Qc7 29. Qf6 gxh5 30. Re5 h6 31. Rfe2 Rxd3 32. Qxh6 f5 33. Rxe6 Rxg3 34. Re8+ Kf7 35. Qe6+ Kg7 36. Qg8+ Kh6 37. R2e6+ Rg6 38. Qxg6# 1-0